Kỹ thuật mạ /
Bản chất quá trình mạ; Mạ Niken; Mạ sắt; Mạ Crôm; Mạ hợp kim; Mạ các kim loại quý và hiếm; Mạ hóa học; Ôxit hóa và phốtphat hóa kim loại; Danh mục tiêu hao nguyên liệu - Kỹ thuật an toàn lao động.
সংরক্ষণ করুন:
| অন্যান্য লেখক: | , |
|---|---|
| বিন্যাস: | গ্রন্থ |
| ভাষা: | Vietnamese |
| প্রকাশিত: |
Hà Nội :
Giao thông vận tải,
2004.
|
| বিষয়গুলি: | |
| ট্যাগগুলো: |
ট্যাগ যুক্ত করুন
কোনো ট্যাগ নেই, প্রথমজন হিসাবে ট্যাগ করুন!
|
| Thư viện lưu trữ: | Mạng thư viện Đại học Đà Nẵng |
|---|
| LEADER | 01425cam a2200373 a 4500 | ||
|---|---|---|---|
| 001 | 000044196 | ||
| 003 | 2456 | ||
| 005 | 20060410090712.0 | ||
| 008 | 010217b2004 vm 000 vie | ||
| 020 | |c 30000 | ||
| 040 | |a LRC |c LRC |d LRC | ||
| 041 | 0 | |a vie | |
| 082 | 1 | 4 | |a 671.7 |b Ky-T |
| 245 | 0 | 0 | |a Kỹ thuật mạ / |c Việt Trường, Phương Hiệp biên soạn. |
| 260 | |a Hà Nội : |b Giao thông vận tải, |c 2004. | ||
| 300 | |a 285 tr. : |b mh. ; |c 20,5 cm. | ||
| 520 | 3 | |a Bản chất quá trình mạ; Mạ Niken; Mạ sắt; Mạ Crôm; Mạ hợp kim; Mạ các kim loại quý và hiếm; Mạ hóa học; Ôxit hóa và phốtphat hóa kim loại; Danh mục tiêu hao nguyên liệu - Kỹ thuật an toàn lao động. | |
| 630 | 0 | 4 | |a Cơ khí. |
| 630 | 0 | 4 | |a Kỹ thuật mạ. |
| 650 | 0 | 4 | |a Mạ |x Kỹ thuật. |
| 700 | 1 | |a Việt Trường, |e biên soạn. | |
| 700 | 1 | |a Phương Hiệp, |e biên soạn. | |
| OWN | |a DUT | ||
| AVA | |a UDN50 |b DUT |c Book |d 671.7 Ky-T |e available |t Error 5001 Not defined in file expand_doc_bib_avail. |f 5 |g 1 |h N |i 0 |j SH |k 1 | ||
| 999 | |a From the UDN01 | ||
| AVA | |a UDN50 |b DUT |c Book |d 671.7 Ky-T |e available |t Error 5001 Not defined in file expand_doc_bib_avail. |f 5 |g 1 |h N |i 0 |j SH |k 1 | ||
| TYP | |a Monograph | ||
| TYP | |a Printed language | ||
| 980 | |a Mạng thư viện Đại học Đà Nẵng | ||